00639nam a2200241 a 4500001001300000003000900013005001700022008004100039020001000080082001400090100001700104245002600121260003800147300000800185500003500193505001400228650001600242700001700258902000800275942000700283952009400290999001300384nice12345678IN_TiNIC20260116011302.0050524s1928 siya grp 000 0 urd  ac10000a239bAKB2 aAkbar, Masih aMasih Ki Khusoosiyat. aSiyalkotbAgha Shahbaz Khanc1928 a12p aincludes index and biblioraphy2 areference aApologetics1 aAkbar, Masih bRBA cBK 00104070aHMIbHMId2007-06-21g100.00l0o239 AKB2p4828r2007-06-21w2026-01-16yARB c169d169